A vis maior események agrárjogi szabályozásának aktuális kérdései
Elmentve itt :
| Szerző: | |
|---|---|
| Dokumentumtípus: | Könyv része |
| Megjelent: |
2012
|
| Sorozat: | Magánjogi felelősségi kérdések
Természeti és ipari katasztrófák |
| Kulcsszavak: | Természeti katasztrófák - jogtudomány - tanulmányok, Katasztrófa - ipari - Magyarország - 2010, Környezetszennyezés - vörösiszap -Magyarország - 2010, Agrárjog |
| Tárgyszavak: | |
| Online Access: | http://acta.bibl.u-szeged.hu/71141 |
| LEADER | 00935naa a2200217 i 4500 | ||
|---|---|---|---|
| 001 | acta71141 | ||
| 005 | 20220107155736.0 | ||
| 008 | 201214s2012 hu o 0|| hun d | ||
| 020 | |a 978 963 306 134 3 | ||
| 040 | |a SZTE Egyetemi Kiadványok Repozitórium |b hun | ||
| 041 | |a hun | ||
| 100 | 1 | |a Hegyes Péter | |
| 245 | 1 | 2 | |a A vis maior események agrárjogi szabályozásának aktuális kérdései |h [elektronikus dokumentum] / |c Hegyes Péter |
| 260 | |c 2012 | ||
| 300 | |a 40-49 | ||
| 490 | 0 | |a Magánjogi felelősségi kérdések | |
| 490 | 0 | |a Természeti és ipari katasztrófák | |
| 650 | 4 | |a Társadalomtudományok | |
| 650 | 4 | |a Jogtudomány | |
| 695 | |a Természeti katasztrófák - jogtudomány - tanulmányok, Katasztrófa - ipari - Magyarország - 2010, Környezetszennyezés - vörösiszap -Magyarország - 2010, Agrárjog | ||
| 856 | 4 | 0 | |u http://acta.bibl.u-szeged.hu/71141/1/termeszeti_es_ipari_katasztrofak_040-049.pdf |z Dokumentum-elérés |